Root Maps - Statistics

General Stats
  • This quiz has been taken 5 times
  • The average score is 4 of 6
Answer Stats
Answer % Correct
Autumn (Summer)
100%
Lake
100%
Winter
100%
Mountain
75%
Gorge
25%
Marsh
25%
No matching quizzes found
Score Distribution
Percent of People with Each Score
Percentile by Number Answered
Your Score History
You have not taken this quiz